Normal view
MARC view
Entry Personal Name
001 - CONTROL NUMBER
- control field: 50176
003 - CONTROL NUMBER IDENTIFIER
- control field: ARRUPE
005 - DATE AND TIME OF LATEST TRANSACTION
- control field: 20210922114125.0
008 - FIXED-LENGTH DATA ELEMENTS
- fixed length control field: 210922|| aca||aabn | a|a d
040 ## - CATALOGING SOURCE
- Original cataloging agency: ARRUPE
- Transcribing agency: ARRUPE
100 ## - HEADING--PERSONAL NAME
- Personal name: Carson, D. A.
- Numeration: Moo, Douglas J
670 ## - SOURCE DATA FOUND
- Source citation: Work cat.: (ARRUPE): Carson, D. A. Moo, Douglas J., An introduction to the new testament , 2005